| 000 | 00645nam a2200241Ia 4500 | ||
|---|---|---|---|
| 003 | OSt | ||
| 005 | 20221007072355.0 | ||
| 006 | a|||||r|||| 00| 0 | ||
| 007 | ta | ||
| 008 | 221006b |||||||| |||| 00| 0 eng d | ||
| 024 | _a25,611 | ||
| 037 | _cTextual | ||
| 040 |
_aFLL _cFLL _beng |
||
| 041 |
_2eng _aeng |
||
| 082 | _aZ1:A:351, J8 | ||
| 100 |
_aSchwarzenberger Georg _9121358 |
||
| 245 | 0 | _aLegality of nuclear weapons | |
| 250 | _a1st | ||
| 260 |
_aLondon _bSteven's & Sons Ltd. London _c1958 |
||
| 300 |
_avii,1-70p _ccm. |
||
| 942 |
_hZ1:A:351, J8 _cTEXL _2CC |
||
| 999 |
_c1145899 _d1145899 |
||